[Event "POL-ch U12"]
[Site "Uniejow"]
[Date "2021.07.20"]
[Round "3"]
[White "Rekuc, Patryk"]
[Black "Prokopiuk, Jakub"]
[Result "1/2-1/2"]
[WhiteElo "1560"]
[BlackElo "1438"]
[PlyCount "78"]
[EventDate "2021.07.18"]
[EventType "swiss"]
[EventRounds "9"]
[EventCountry "POL"]
[SourceTitle "EXT 2022"]
[Source "ChessBase"]
[SourceDate "2021.10.06"]
[SourceVersion "1"]
[SourceVersionDate "2021.10.06"]
[SourceQuality "1"]

1. e4 c5 2. Nf3 d6 3. Bb5+ Nd7 4. Ba4 Ngf6 5. 0-0 a6 6. c4 e6 7. Nc3 Be7 8. d4 cxd4 9. Qxd4 0-0 10. Bg5 Qc7 11. Rad1 Rd8 12. Bxd7 Bxd7 13. b3 Rac8 14. Rc1 Qc5 15. Rfd1 Qxd4 16. Rxd4 b5 17. Ne2 Bc6 18. Ng3 h6 19. Bxf6 Bxf6 20. Rdd1 bxc4 21. Rxc4 d5 22. exd5 Bxd5 23. Rcc1 Bb2 24. Rxc8 Rxc8 25. h3 Bf6 26. Rd2 Rc1+ 27. Kh2 Bc3 28. Re2 g6 29. Ne4 Bg7 30. Nd6 Bf8 31. Ne4 Be7 32. Ne1 f5 33. Nd2 Bb4 34. Ndf3 g5 35. Nd3 Bd6+ 36. Nfe5 Rd1 37. f4 gxf4 38. Nxf4 Rd4 39. Kg3 Kg7 1/2-1/2

[Event "POL-ch U12"]
[Site "Uniejow"]
[Date "2021.07.20"]
[Round "2"]
[White "Sowinski, Pawel"]
[Black "Rekuc, Patryk"]
[Result "1/2-1/2"]
[WhiteElo "2006"]
[BlackElo "1560"]
[PlyCount "78"]
[EventDate "2021.07.18"]
[EventType "swiss"]
[EventRounds "9"]
[EventCountry "POL"]
[SourceTitle "EXT 2022"]
[Source "ChessBase"]
[SourceDate "2021.10.06"]
[SourceVersion "1"]
[SourceVersionDate "2021.10.06"]
[SourceQuality "1"]

1. b3 d5 2. Bb2 Nf6 3. e3 Bf5 4. Nf3 e6 5. Be2 h6 6. 0-0 Nbd7 7. d3 Bh7 8. Nbd2 c6 9. c4 Bd6 10. cxd5 cxd5 11. e4 Qb8 12. exd5 exd5 13. g3 0-0 14. Nd4 Re8 15. N2f3 Ne5 16. Qd2 a6 17. Rfe1 Nfd7 18. Rac1 Qa7 19. b4 Qb6 20. Nc2 Rac8 21. Kg2 Bg6 22. Bd4 Qd8 23. Ne3 Nf6 24. Rxc8 Qxc8 25. Rc1 Qd7 26. Nxe5 Bxe5 27. Qc3 Bxd4 28. Qxd4 Qa4 29. Bf3 Qxa2 30. Nxd5 Nxd5 31. Bxd5 Qd2 32. Rc7 b6 33. Rd7 Rb8 34. Qe5 Rf8 35. Qd6 Qxd3 36. Qe7 Qf5 37. Qd6 Qd3 38. Qe7 Qf5 39. Qd6 Qd3 1/2-1/2

[Event "POL-chT U20"]
[Site "Lublin"]
[Date "2021.07.03"]
[Round "8.3"]
[White "Klimkowski, Jan"]
[Black "Rekuc, Patryk"]
[Result "1/2-1/2"]
[WhiteElo "2322"]
[BlackElo "1570"]
[PlyCount "126"]
[EventDate "2021.06.26"]
[EventType "team-tourn"]
[EventRounds "9"]
[EventCountry "POL"]
[SourceTitle "CBM 203 Extra"]
[Source "ChessBase"]
[SourceDate "2021.09.30"]
[SourceVersion "1"]
[SourceVersionDate "2021.09.30"]
[SourceQuality "1"]
[WhiteTeam "Gorzow Wielkopolski Stilon"]
[BlackTeam "Bialystok MUKS Stoczek 45"]
[WhiteTeamCountry "POL"]
[BlackTeamCountry "POL"]

1. d4 Nf6 2. Nf3 g6 3. g3 Bg7 4. Bg2 0-0 5. 0-0 d6 6. b3 Nbd7 7. Bb2 c5 8. c4 a6 9. Nc3 Rb8 10. dxc5 Nxc5 11. Nd4 Ne6 12. Nxe6 Bxe6 13. Qd2 Qd7 14. Rfd1 Bh3 15. Bh1 Qc7 16. Rac1 Rbc8 17. Bf3 Qd7 18. Na4 Rc7 19. Qa5 Qc8 20. Nb6 Qf5 21. Qxf5 Bxf5 22. Bxf6 Bxf6 23. Nd5 Rd7 24. Nxf6+ exf6 25. Rd4 Rfd8 26. Rcd1 Kf8 27. Rh4 g5 28. Rhd4 Ke7 29. h4 h6 30. Kg2 Bc2 31. Rh1 Bg6 32. Bd5 Rc7 33. hxg5 hxg5 34. Be4 Ke6 35. Bd5+ Ke7 36. f4 b5 37. Be4 Bxe4+ 38. Rxe4+ Kd7 39. Rh7 Kc6 40. Rh6 f5 41. Rd4 Re7 42. cxb5+ axb5 43. Rd2 gxf4 44. gxf4 Re6 45. Rh5 Rde8 46. Kf2 Rf6 47. e3 Rg8 48. Ke2 Rg3 49. Kd3 d5 50. Re2 Kc5 51. Rh8 Re6 52. Rc8+ Kd6 53. Rd8+ Kc5 54. a3 Re4 55. Rc2+ Kb6 56. Rd6+ Kb7 57. Re2 Rxf4 58. Rxd5 Kc6 59. Rd8 Rff3 60. Rc2+ Kb7 61. Rd7+ Kb6 62. Rd6+ Kb7 63. Rd7+ Kb6 1/2-1/2